| 000 | 00370pab a2200145 454500 | ||
|---|---|---|---|
| 008 | 180718b2005 xxu||||| |||| 00| 0 eng d | ||
| 100 | _aResnick, Stephen, A. | ||
| 245 | _aClass theory and the nature of the USSR (a review article) | ||
| 260 | _c2005 | ||
| 300 | _ap.225-31. | ||
| 362 | _aApr | ||
| 650 | _aCommunism | ||
| 773 | _aScience and Society | ||
| 909 | _a65361 | ||
| 999 |
_c65361 _d65361 |
||